000 00453nam a2200181Ia 4500
005 20250326123642.0
008 250326s9999 xx 000 0 und d
037 _aTextbook
040 _aFMSL
_beng
_cFMSL
041 _aeng
_2eng
084 _aB3 L3
_qFMSL
100 _aOptner S L
245 0 _aSystems analysis
_cOptner S L
260 _aUSA
_bUSA, Penguin
_c1973
300 _a336p
942 _cTB
_hB3 L3
999 _c1270338
_d1270338